Bài tập viết lại câu tiếng Anh

Sách gồm hai dạng viết lại câu thông dụng, giúp học viên phát triển khả năng viết và ôn luyện từ vựng cũng như nắm vững các cấu trúc ngữ pháp tiếng Anh. Có đáp án kèm theo

Đã lưu trong:
書目詳細資料
主要作者: Hồng Nhung
其他作者: The Windy
格式: 圖書
語言:Undetermined
出版: H. Đại học quốc gia Hà Nội 2011
主題:
在線閱讀:http://lrc.tdmu.edu.vn/opac/search/detail.asp?aID=2&ID=19614
標簽: 添加標簽
沒有標簽, 成為第一個標記此記錄!
Thư viện lưu trữ: Trung tâm Học liệu Trường Đại học Thủ Dầu Một
LEADER 01016nam a2200217Ia 4500
001 TDMU_19614
008 210410s9999 xx 000 0 und d
082 |a 428.2076 
090 |b NH513 
100 |a Hồng Nhung 
245 0 |a Bài tập viết lại câu tiếng Anh 
245 0 |c Hồng Nhung (b.s); Mỹ Hương, Quỳnh Như (h.đ) 
260 |a H. 
260 |b Đại học quốc gia Hà Nội 
260 |c 2011 
300 |a 206tr. 
520 |a Sách gồm hai dạng viết lại câu thông dụng, giúp học viên phát triển khả năng viết và ôn luyện từ vựng cũng như nắm vững các cấu trúc ngữ pháp tiếng Anh. Có đáp án kèm theo 
650 |a Tiếng Anh  |x Kỹ năng viết  |v Bài tập; English  |x Writing skill  |v exercise 
700 |a The Windy 
856 |u http://lrc.tdmu.edu.vn/opac/search/detail.asp?aID=2&ID=19614 
980 |a Trung tâm Học liệu Trường Đại học Thủ Dầu Một